Program Bezpečný podnik - cesta k naplnění zákonných povinností v oblasti bezpečnosti práce

Program Bezpečný podnik je vyhlásený Českým uřadem bezpečnosti práce (ČÚBP) s cieľom zvýšiť úroveň bezpečnosti práce v podnikoch. Zásady bezpečnostného manažmentu. Bezpečnostný audit.

Salvato in:
Dettagli Bibliografici
Natura: Capitolo di libro
Lingua:ceco
Soggetti:
Tags: Aggiungi Tag
Nessun Tag, puoi essere il primo ad aggiungerne!!

MARC

LEADER 00000naa a2200000 4500
001 r034341
005 20230524135619.0
041 0 |a cze 
044 |a CZ 
245 1 0 |a Program Bezpečný podnik - cesta k naplnění zákonných povinností v oblasti bezpečnosti práce 
520 |a Program Bezpečný podnik je vyhlásený Českým uřadem bezpečnosti práce (ČÚBP) s cieľom zvýšiť úroveň bezpečnosti práce v podnikoch. Zásady bezpečnostného manažmentu. Bezpečnostný audit. 
610 2 0 |a bezpečnosť 
610 2 0 |a bezpečnosť práce 
610 2 0 |a podnik 
610 2 0 |a manažment 
610 2 0 |a riadenie vrcholové 
610 2 0 |a ochrana zdravia 
610 2 0 |a ochrana pracovníkov 
610 2 0 |a kontrola 
610 2 0 |a audit